00456nam a2200109Ia 4500008004100000082000800041100001300049245016400062942000600226952009900232999001500331240331s9999 xx 000 0 und d bBLE aBlete, T 0aGender relations-the missing link in the development puzzle :ba selected and annotated bibliographic guide to theoretical efforts land South Asian experiences cL 001040708LaWERCLbWERCLcSSCd2024-03-31l0o 305.4016 BLEp460r2024-03-31w2024-03-31yL c1792d1792